000 01352nam a2200337Ia 4500
001 ebr10364070
003 CaPaEBR
006 m u
007 cr cn|||||||||
008 090424s2010 txua sb s001 0 eng d
010 _z 2009017503
020 _z9780292721135 (cloth : alk. paper)
040 _aCaPaEBR
_cCaPaEBR
035 _a(OCoLC)560680875
050 1 4 _aNA735.H68
_bS77 2010eb
100 1 _aStrom, Steven.
245 1 0 _aHouston lost and unbuilt
_h[electronic resource] /
_cSteven R. Strom.
250 _a1st ed.
260 _aAustin :
_bUniversity of Texas Press,
_c2010.
300 _ax, 188 p. :
_bill.
490 1 _aRoger Fullington series in architecture
504 _aIncludes bibliographical references and index.
533 _aElectronic reproduction.
_bPalo Alto, Calif. :
_cebrary,
_d2011.
_nAvailable via World Wide Web.
_nAccess may be limited to ebrary affiliated libraries.
650 0 _aLost architecture
_zTexas
_zHouston.
650 0 _aUnbuilt architectural projects
_zTexas
_zHouston.
651 0 _aHouston (Tex.)
_xBuildings, structures, etc.
655 7 _aElectronic books.
_2local
710 2 _aebrary, Inc.
830 0 _aRoger Fullington series in architecture.
856 4 0 _uhttp://site.ebrary.com/lib/rucke/Doc?id=10364070
_zAn electronic book accessible through the World Wide Web; click to view
999 _c215362
_d215362